<?xml version="1.0" encoding="UTF-8"?>
<record
    xmlns:xsi="http://www.w3.org/2001/XMLSchema-instance"
    xsi:schemaLocation="http://www.loc.gov/MARC21/slim http://www.loc.gov/standards/marcxml/schema/MARC21slim.xsd"
    xmlns="http://www.loc.gov/MARC21/slim">

  <leader>00427nam a22001697a 4500</leader>
  <controlfield tag="005">20180801163208.0</controlfield>
  <controlfield tag="008">160514b        xxu||||| |||| 00| 0 eng d</controlfield>
  <datafield tag="020" ind1=" " ind2=" ">
    <subfield code="a">978812591913</subfield>
  </datafield>
  <datafield tag="041" ind1=" " ind2=" ">
    <subfield code="a">eng</subfield>
  </datafield>
  <datafield tag="082" ind1=" " ind2=" ">
    <subfield code="b">2250</subfield>
    <subfield code="a">658.3</subfield>
  </datafield>
  <datafield tag="100" ind1=" " ind2=" ">
    <subfield code="a">Dwivedi, R.S. </subfield>
    <subfield code="9">433</subfield>
  </datafield>
  <datafield tag="245" ind1=" " ind2=" ">
    <subfield code="a">Human Resource Management</subfield>
  </datafield>
  <datafield tag="260" ind1=" " ind2=" ">
    <subfield code="a">New Delhi</subfield>
    <subfield code="b">Vikas Publishing House (P) Ltd. </subfield>
    <subfield code="c">2009</subfield>
  </datafield>
  <datafield tag="300" ind1=" " ind2=" ">
    <subfield code="a">390p,</subfield>
  </datafield>
  <datafield tag="650" ind1=" " ind2=" ">
    <subfield code="a">Management</subfield>
    <subfield code="9">241</subfield>
  </datafield>
  <datafield tag="942" ind1=" " ind2=" ">
    <subfield code="c">BK</subfield>
  </datafield>
  <datafield tag="999" ind1=" " ind2=" ">
    <subfield code="c">829</subfield>
    <subfield code="d">829</subfield>
  </datafield>
  <datafield tag="952" ind1=" " ind2=" ">
    <subfield code="0">0</subfield>
    <subfield code="1">0</subfield>
    <subfield code="4">0</subfield>
    <subfield code="7">0</subfield>
    <subfield code="8">MANAGEMENT</subfield>
    <subfield code="a">JRU</subfield>
    <subfield code="b">JRU</subfield>
    <subfield code="c">SHELF-63-E</subfield>
    <subfield code="d">2016-05-14</subfield>
    <subfield code="g">255.00</subfield>
    <subfield code="l">1</subfield>
    <subfield code="o">658.3</subfield>
    <subfield code="p">2250</subfield>
    <subfield code="r">2022-07-18 00:00:00</subfield>
    <subfield code="s">2022-07-13</subfield>
    <subfield code="w">2016-05-14</subfield>
    <subfield code="y">BK</subfield>
  </datafield>
  <datafield tag="952" ind1=" " ind2=" ">
    <subfield code="0">0</subfield>
    <subfield code="1">0</subfield>
    <subfield code="4">0</subfield>
    <subfield code="7">0</subfield>
    <subfield code="8">MANAGEMENT</subfield>
    <subfield code="a">JRU</subfield>
    <subfield code="b">JRU</subfield>
    <subfield code="c">SHELF-63-E</subfield>
    <subfield code="d">2016-05-14</subfield>
    <subfield code="g">255.00</subfield>
    <subfield code="l">3</subfield>
    <subfield code="m">1</subfield>
    <subfield code="o">658.3</subfield>
    <subfield code="p">2251</subfield>
    <subfield code="r">2023-06-08 00:00:00</subfield>
    <subfield code="s">2023-05-09</subfield>
    <subfield code="w">2016-05-14</subfield>
    <subfield code="y">BK</subfield>
  </datafield>
  <datafield tag="952" ind1=" " ind2=" ">
    <subfield code="0">0</subfield>
    <subfield code="1">0</subfield>
    <subfield code="4">0</subfield>
    <subfield code="7">0</subfield>
    <subfield code="8">MANAGEMENT</subfield>
    <subfield code="a">JRU</subfield>
    <subfield code="b">JRU</subfield>
    <subfield code="c">SHELF-63-E</subfield>
    <subfield code="d">2016-05-14</subfield>
    <subfield code="g">255.00</subfield>
    <subfield code="l">2</subfield>
    <subfield code="o">658.3</subfield>
    <subfield code="p">2252</subfield>
    <subfield code="r">2019-11-07 00:00:00</subfield>
    <subfield code="s">2019-10-25</subfield>
    <subfield code="w">2016-05-14</subfield>
    <subfield code="y">BK</subfield>
  </datafield>
  <datafield tag="952" ind1=" " ind2=" ">
    <subfield code="0">0</subfield>
    <subfield code="1">0</subfield>
    <subfield code="4">0</subfield>
    <subfield code="7">0</subfield>
    <subfield code="8">MANAGEMENT</subfield>
    <subfield code="a">JRU</subfield>
    <subfield code="b">JRU</subfield>
    <subfield code="c">SHELF-63-E</subfield>
    <subfield code="d">2016-05-14</subfield>
    <subfield code="g">255.00</subfield>
    <subfield code="l">2</subfield>
    <subfield code="o">658.3</subfield>
    <subfield code="p">2253</subfield>
    <subfield code="r">2019-03-18 00:00:00</subfield>
    <subfield code="s">2019-02-26</subfield>
    <subfield code="w">2016-05-14</subfield>
    <subfield code="y">BK</subfield>
  </datafield>
  <datafield tag="952" ind1=" " ind2=" ">
    <subfield code="0">0</subfield>
    <subfield code="1">0</subfield>
    <subfield code="4">0</subfield>
    <subfield code="7">0</subfield>
    <subfield code="8">MANAGEMENT</subfield>
    <subfield code="a">JRU</subfield>
    <subfield code="b">JRU</subfield>
    <subfield code="c">SHELF-63-E</subfield>
    <subfield code="d">2016-05-14</subfield>
    <subfield code="g">255.00</subfield>
    <subfield code="l">1</subfield>
    <subfield code="o">658.3</subfield>
    <subfield code="p">2254</subfield>
    <subfield code="r">2019-03-06 00:00:00</subfield>
    <subfield code="s">2019-02-19</subfield>
    <subfield code="w">2016-05-14</subfield>
    <subfield code="y">BK</subfield>
  </datafield>
  <datafield tag="952" ind1=" " ind2=" ">
    <subfield code="0">0</subfield>
    <subfield code="1">0</subfield>
    <subfield code="4">0</subfield>
    <subfield code="7">0</subfield>
    <subfield code="8">REF</subfield>
    <subfield code="a">JRU</subfield>
    <subfield code="b">MAIN</subfield>
    <subfield code="c">SHELF-30-G</subfield>
    <subfield code="d">2016-05-14</subfield>
    <subfield code="g">255.00</subfield>
    <subfield code="l">0</subfield>
    <subfield code="o">658.3</subfield>
    <subfield code="p">2255</subfield>
    <subfield code="r">2016-05-14 00:00:00</subfield>
    <subfield code="w">2016-05-14</subfield>
    <subfield code="y">BK</subfield>
  </datafield>
  <datafield tag="952" ind1=" " ind2=" ">
    <subfield code="0">0</subfield>
    <subfield code="1">0</subfield>
    <subfield code="4">0</subfield>
    <subfield code="7">0</subfield>
    <subfield code="8">MANAGEMENT</subfield>
    <subfield code="a">JRU</subfield>
    <subfield code="b">JRU</subfield>
    <subfield code="c">SHELF-63-E</subfield>
    <subfield code="d">2016-05-14</subfield>
    <subfield code="g">255.00</subfield>
    <subfield code="l">2</subfield>
    <subfield code="o">658.3</subfield>
    <subfield code="p">2256</subfield>
    <subfield code="r">2019-02-25 00:00:00</subfield>
    <subfield code="s">2019-02-19</subfield>
    <subfield code="w">2016-05-14</subfield>
    <subfield code="y">BK</subfield>
  </datafield>
  <datafield tag="952" ind1=" " ind2=" ">
    <subfield code="0">0</subfield>
    <subfield code="1">0</subfield>
    <subfield code="4">0</subfield>
    <subfield code="7">0</subfield>
    <subfield code="8">MANAGEMENT</subfield>
    <subfield code="a">JRU</subfield>
    <subfield code="b">JRU</subfield>
    <subfield code="c">SHELF-63-E</subfield>
    <subfield code="d">2016-05-14</subfield>
    <subfield code="g">255.00</subfield>
    <subfield code="l">1</subfield>
    <subfield code="o">658.3</subfield>
    <subfield code="p">2257</subfield>
    <subfield code="r">2018-03-05 00:00:00</subfield>
    <subfield code="s">2017-12-05</subfield>
    <subfield code="w">2016-05-14</subfield>
    <subfield code="y">BK</subfield>
  </datafield>
  <datafield tag="952" ind1=" " ind2=" ">
    <subfield code="0">0</subfield>
    <subfield code="1">0</subfield>
    <subfield code="4">0</subfield>
    <subfield code="7">0</subfield>
    <subfield code="8">MANAGEMENT</subfield>
    <subfield code="a">JRU</subfield>
    <subfield code="b">JRU</subfield>
    <subfield code="c">SHELF-63-E</subfield>
    <subfield code="d">2016-05-14</subfield>
    <subfield code="g">255.00</subfield>
    <subfield code="l">1</subfield>
    <subfield code="o">658.3</subfield>
    <subfield code="p">2258</subfield>
    <subfield code="r">2019-02-26 00:00:00</subfield>
    <subfield code="s">2019-02-22</subfield>
    <subfield code="w">2016-05-14</subfield>
    <subfield code="y">BK</subfield>
  </datafield>
</record>
